UEFA Euro Champions Goalkeepers - Statistics

General Stats
  • This quiz has been taken 2,081 times
    880 since last reset
  • The average score is 7 of 16
Answer Stats
Euro Country Goalkeeper % Correct
2020 Italy Gianluigi Donnarumma
97%
2008, 2012 Spain Iker Casillas
97%
2024 Spain Unai Simón
81%
2016 Portugal Rui Patrício
77%
1992 Denmark Peter Schmeichel
74%
2000 France Fabien Barthez
66%
1960 Soviet Union Lev Yashin
61%
1968 Italy Dino Zoff
37%
1972 West Germany Sepp Maier
27%
1980 West Germany Harald Schumacher
17%
1996 Germany Andreas Köpke
15%
2004 Greece Antonios Nikopolidis
14%
1988 Netherlands Hans van Breukelen
11%
1984 France Joël Bats
8%
1976 Czechoslovakia Ivo Viktor
4%
1964 Spain José Ángel Iribar
4%
No matching quizzes found
Score Distribution
Percent of People with Each Score
Percentile by Number Answered
Your Score History
You have not taken this quiz since the last reset